[Event "USCL Week 2"]
[Site "Internet Chess Club"]
[Date "2015.09.02"]
[Round "?"]
[White "Hernandez, Holden"]
[Black "Li, Ruifeng"]
[Result "1/2-1/2"]
[WhiteElo "2606"]
[BlackElo "2502"]
[PlyCount "88"]
[EventDate "2015.??.??"]

1. d4 d5 2. c4 c6 3. Nf3 Nf6 4. Nc3 e6 5. Qd3 dxc4 6. Qxc4 b5 7. Qd3 a6 8. g3
Bb7 9. Bg2 c5 10. O-O Be7 11. Rd1 Nbd7 12. Ne5 Bxg2 13. Kxg2 Nxe5 14. dxe5 Qxd3
15. exd3 Nd7 16. f4 O-O 17. Be3 f6 18. d4 cxd4 19. exf6 Bxf6 20. Bxd4 e5 21.
Bg1 Rad8 22. f5 Bg5 23. Ne4 Be7 24. g4 h5 25. h3 g6 26. fxg6 hxg4 27. hxg4 Rf4
28. Nf2 Nf6 29. Rxd8+ Bxd8 30. Rd1 Bb6 31. g5 Ng4 32. Nh3 Bxg1 33. Rd8+ Rf8 34.
Rxf8+ Kxf8 35. Nxg1 Ne3+ 36. Kf3 Nd1 37. Kg4 Nxb2 38. Kf5 Kg7 39. Kxe5 Kxg6 40.
Nf3 Nd3+ 41. Kd4 Nb4 42. a3 Nc2+ 43. Kc5 Nxa3 44. Kb6 b4 1/2-1/2

[Event "USCL Week 2"]
[Site "Internet Chess Club"]
[Date "2015.09.02"]
[Round "?"]
[White "Banawa, Joel"]
[Black "Torres, Luis"]
[Result "1/2-1/2"]
[WhiteElo "2496"]
[BlackElo "2353"]
[PlyCount "51"]
[EventDate "2015.??.??"]

1. c4 Nf6 2. Nc3 g6 3. g3 Bg7 4. Bg2 O-O 5. e3 d6 6. Nge2 e5 7. O-O c6 8. e4 a6
9. a4 a5 10. d3 Na6 11. h3 Nb4 12. Na2 Nd7 13. Nxb4 axb4 14. Bd2 c5 15. Qc1 Nb8
16. Bh6 Nc6 17. Bxg7 Kxg7 18. b3 h5 19. f4 f6 20. Qe3 Qe7 21. Kh2 Bd7 22. Bf3
Rh8 23. f5 g5 24. h4 g4 25. Bg2 b6 26. Rab1 1/2-1/2

[Event "USCL Week 2"]
[Site "Internet Chess Club"]
[Date "2015.09.02"]
[Round "?"]
[White "Costello, Alex"]
[Black "Byambaa, Uyanga"]
[Result "1/2-1/2"]
[WhiteElo "2137"]
[BlackElo "2204"]
[PlyCount "59"]
[EventDate "2015.??.??"]

1. e4 c5 2. Nf3 d6 3. d4 cxd4 4. Nxd4 Nf6 5. Nc3 g6 6. Be3 Bg7 7. f3 O-O 8. Bc4
Nc6 9. Qd2 Bd7 10. h4 h5 11. O-O-O Rc8 12. Bb3 Ne5 13. Bh6 Bxh6 14. Qxh6 Rxc3
15. bxc3 Qc7 16. Kb1 a5 17. f4 Nc4 18. f5 Ng4 19. Qg5 Kg7 20. fxg6 fxg6 21.
Qxe7+ Rf7 22. Ne6+ Bxe6 23. Qxe6 Nge3 24. Rd4 b5 25. Bxc4 Nxc4 26. Rd3 Qc5 27.
Rg3 Rf6 28. Qe7+ Rf7 29. Qe6 Rf6 30. Qe7+ 1/2-1/2

[Event "USCL Week 2"]
[Site "Internet Chess Club"]
[Date "2015.09.02"]
[Round "?"]
[White "Djordjevic, Stevan"]
[Black "Bhat, Vinay"]
[Result "0-1"]
[WhiteElo "2366"]
[BlackElo "2570"]
[PlyCount "70"]
[EventDate "2015.??.??"]

1. d4 d5 2. Nf3 Nf6 3. Bf4 g6 4. e3 Bg7 5. h3 O-O 6. Be2 c5 7. c3 Nc6 8. Nbd2
Nd7 9. O-O e5 10. dxe5 Ndxe5 11. Nxe5 Nxe5 12. Nf3 Nc6 13. Qb3 c4 14. Qc2 Qa5
15. Nd4 Nxd4 16. exd4 Bf5 17. Qd2 Be4 18. g4 Qa6 19. f3 Bd3 20. Bxd3 cxd3 21.
Rfd1 Rae8 22. Qxd3 Re1+ 23. Kf2 Qxd3 24. Rxe1 Qb5 25. Re2 Re8 26. Rae1 Rxe2+
27. Rxe2 f6 28. a3 Bf8 29. Rd2 Kf7 30. Re2 Qa6 31. h4 Bd6 32. Bxd6 Qxd6 33. Kg2
Qf4 34. Rc2 h5 35. gxh5 gxh5 0-1

[Event "USCL Week 2"]
[Site "Internet Chess Club"]
[Date "2015.09.02"]
[Round "?"]
[White "Banik, Siddharth"]
[Black "Morshedi, Ali"]
[Result "0-1"]
[WhiteElo "2258"]
[BlackElo "2328"]
[PlyCount "128"]
[EventDate "2015.??.??"]

1. e4 e5 2. Nf3 Nc6 3. Bb5 a6 4. Ba4 b5 5. Bb3 Na5 6. O-O d6 7. Nc3 Nf6 8. Re1
Be7 9. d3 O-O 10. h3 Bb7 11. Bg5 Nxb3 12. axb3 c6 13. Ne2 Nh5 14. Bxe7 Qxe7 15.
g4 f5 16. gxh5 fxe4 17. Nh2 e3 18. fxe3 Qg5+ 19. Ng4 Rf3 20. Kh2 Bc8 21. Ng1
Bxg4 22. Qxf3 Bxf3 23. Nxf3 Qxh5 24. Rf1 h6 25. Rf2 Rf8 26. Raf1 g5 27. Nd2
Rxf2+ 28. Rxf2 d5 29. Nf3 g4 30. Ng1 Qg5 31. hxg4 Qxe3 32. Kg2 Qd4 33. Nf3
Qxg4+ 34. Kf1 Qf4 35. Ne1 Qh4 36. Nf3 Qh1+ 37. Ng1 e4 38. Rg2+ Kf7 39. Rg3 Qh4
40. Ne2 Qf6+ 41. Ke1 Qxb2 42. dxe4 Qxc2 43. exd5 cxd5 44. Rc3 Qb1+ 45. Kf2 b4
46. Rc7+ Ke8 47. Nd4 Qe4 48. Nf3 d4 49. Rc5 Qe3+ 50. Kg2 Qxb3 51. Re5+ Kf7 52.
Rf5+ Kg7 53. Re5 Qc2+ 54. Kh1 Qd1+ 55. Kg2 b3 56. Re7+ Kf6 57. Rb7 Qc2+ 58. Kg3
b2 59. Nxd4 Qd3+ 60. Kh2 Qxd4 61. Rb3 Qd2+ 62. Kg3 Qc2 63. Rb6+ Ke5 64. Rxb2
Qxb2 0-1

[Event "USCL Week 2"]
[Site "Internet Chess Club"]
[Date "2015.09.02"]
[Round "?"]
[White "Naroditsky, Daniel"]
[Black "Kiewra, Keaton"]
[Result "1-0"]
[WhiteElo "2711"]
[BlackElo "2518"]
[PlyCount "69"]
[EventDate "2015.??.??"]

1. d4 Nf6 2. Nc3 d5 3. Bf4 Bf5 4. f3 e6 5. g4 Bg6 6. h4 h6 7. e3 a6 8. Bd3 Bxd3
9. cxd3 c5 10. dxc5 Bxc5 11. d4 Bd6 12. Nge2 Nc6 13. Kf2 Rc8 14. Rc1 b5 15.
Bxd6 Qxd6 16. Nf4 Ne7 17. g5 Nd7 18. gxh6 Rxh6 19. Qg1 Kf8 20. Qg5 Nf6 21. Rhg1
Ne8 22. h5 Rc4 23. b3 Rc6 24. Nce2 Rf6 25. Rxc6 Nxc6 26. Rc1 Ne7 27. Ng3 Nf5
28. Rc8 Qd7 29. Ra8 Nxg3 30. Kxg3 Qc6 31. Rd8 Qc1 32. Qe5 Qe1+ 33. Kg2 Qd2+ 34.
Kh3 Qb4 35. Nxd5 1-0

[Event "USCL Week 2"]
[Site "Internet Chess Club"]
[Date "2015.09.02"]
[Round "?"]
[White "Moradiabadi, Elshan"]
[Black "Barcenilla, Rogelio"]
[Result "1/2-1/2"]
[WhiteElo "2647"]
[BlackElo "2587"]
[PlyCount "107"]
[EventDate "2015.??.??"]

1. d4 Nf6 2. c4 g6 3. Nf3 Bg7 4. g3 O-O 5. Bg2 c6 6. O-O d5 7. Qb3 dxc4 8. Qxc4
Be6 9. Qc2 Bf5 10. Qb3 Qb6 11. Nbd2 Na6 12. Nc4 Qxb3 13. axb3 Rad8 14. Nfe5 Bc8
15. Rxa6 bxa6 16. Nxc6 Rd7 17. N4e5 Rb7 18. Nd3 e6 19. Nc5 Rb6 20. Bf4 Nd5 21.
Bxd5 exd5 22. Ne7+ Kh8 23. Nxd5 Bxd4 24. Nxb6 axb6 25. Nd3 Re8 26. Be3 Bxe3 27.
fxe3 Be6 28. b4 Bc4 29. Kf2 Re4 30. Nc1 Be6 31. Nd3 Bc4 32. Rc1 Bxd3 33. exd3
Rxb4 34. Rc2 Kg7 35. Kf3 a5 36. d4 Kf6 37. Ke4 Ke6 38. g4 h6 39. h4 a4 40. h5
gxh5 41. gxh5 Rb3 42. d5+ Kd7 43. Kd4 f5 44. Rg2 b5 45. Kc5 Rxe3 46. Rg7+ Ke8
47. d6 Re2 48. d7+ Kd8 49. Kd6 Rd2+ 50. Kc6 Rc2+ 51. Kd6 Rd2+ 52. Kc6 Rc2+ 53.
Kd6 Rd2+ 54. Kc6 1/2-1/2

[Event "USCL Week 2"]
[Site "Internet Chess Club"]
[Date "2015.09.02"]
[Round "?"]
[White "Lebovitz, Andrew"]
[Black "Heredia, Carla"]
[Result "0-1"]
[WhiteElo "2157"]
[BlackElo "2227"]
[PlyCount "70"]
[EventDate "2015.??.??"]

1. c4 e5 2. g3 Nf6 3. Bg2 Nc6 4. Nc3 Bc5 5. Nf3 d6 6. O-O a6 7. e3 Bf5 8. d4
Ba7 9. dxe5 dxe5 10. Qb3 Rb8 11. Rd1 Nd7 12. Nd5 O-O 13. Qc3 e4 14. Nd2 Bg4 15.
Re1 f5 16. b4 Nce5 17. Bb2 Rf7 18. h3 Bf3 19. Nxf3 exf3 20. Bf1 h5 21. c5 h4
22. Qd4 hxg3 23. fxg3 c6 24. Nb6 Bxb6 25. cxb6 Qe7 26. Rad1 Re8 27. a4 Qg5 28.
Qf4 Qh5 29. h4 Rfe7 30. a5 Nf6 31. Rd4 Ne4 32. g4 f2+ 33. Qxf2 Qxg4+ 34. Qg2
Nf3+ 35. Kh1 Ng3+ 0-1

[Event "USCL Week 2"]
[Site "Internet Chess Club"]
[Date "2015.09.02"]
[Round "?"]
[White "Gareyev, Timur"]
[Black "Akobian, Varuzhan"]
[Result "1-0"]
[WhiteElo "2656"]
[BlackElo "2721"]
[PlyCount "105"]
[EventDate "2015.??.??"]

1. d4 Nf6 2. Bg5 Ne4 3. Bf4 d5 4. f3 Nf6 5. e4 e6 6. e5 Nfd7 7. Be3 c5 8. c3
Nc6 9. f4 cxd4 10. cxd4 Bb4+ 11. Nc3 Nb6 12. Rc1 Bd7 13. Nf3 Na5 14. b3 Nc6 15.
Bd3 Ba3 16. Nb5 Be7 17. O-O a6 18. Nc3 Ba3 19. Rb1 Rc8 20. Bc1 Be7 21. Bb2 Nb4
22. Be2 O-O 23. Rc1 f5 24. exf6 Rxf6 25. Qd2 Be8 26. Ne5 Nc6 27. Kh1 Nxe5 28.
dxe5 Rh6 29. Bg4 Bf8 30. Ne2 Bb5 31. a4 Bxe2 32. Qxe2 Nd7 33. f5 Nc5 34. fxe6
Be7 35. Qf3 Kh8 36. Qf7 Rb8 37. Ba3 b6 38. a5 Bg5 39. Rxc5 bxc5 40. Bxc5 Qg8
41. h3 d4 42. Bxd4 Rxb3 43. Bb6 Rb4 44. e7 Qxf7 45. Rxf7 Bxe7 46. Rxe7 g5 47.
Kg1 Rc6 48. Rc7 Rxc7 49. Bxc7 Kg7 50. e6 Rb1+ 51. Kf2 Rb2+ 52. Kf3 h5 53. Be5+
1-0

[Event "USCL Week 2"]
[Site "Internet Chess Club"]
[Date "2015.09.02"]
[Round "?"]
[White "Kannappan, Priyadharshan"]
[Black "Hernandez, Alberto"]
[Result "1-0"]
[WhiteElo "2567"]
[BlackElo "2321"]
[PlyCount "109"]
[EventDate "2015.??.??"]

1. e4 c5 2. Nf3 a6 3. c3 e6 4. d4 d5 5. e5 Bd7 6. Bd3 Bb5 7. Bc2 a5 8. a4 Ba6
9. Na3 cxd4 10. cxd4 Nc6 11. Nb5 Qb6 12. Bd3 Nh6 13. O-O Bb4 14. Be3 Nf5 15.
Qb3 O-O 16. Bxf5 exf5 17. Qxd5 Rad8 18. Qb3 Bxb5 19. d5 Bc5 20. dxc6 Bxf1 21.
Qxb6 Bxb6 22. Bxb6 Rd5 23. Kxf1 bxc6 24. Rc1 Rc8 25. Rc5 Rxc5 26. Bxc5 Rb8 27.
Ba3 c5 28. Ke2 c4 29. Nd4 f4 30. Nc6 Ra8 31. h4 Ra6 32. Ne7+ Kh8 33. Kf3 Rh6
34. Nf5 Rb6 35. Nd4 Rh6 36. Be7 Rb6 37. Nb5 Rc6 38. Kxf4 f6 39. exf6 gxf6 40.
Bd8 Kg7 41. Bxa5 Ra6 42. Bc3 Rxa4 43. Kf5 Ra6 44. Nc7 Rc6 45. Ne6+ Kg8 46. g4
Rb6 47. Kxf6 Ra6 48. f4 Rb6 49. f5 Ra6 50. Ke5 Ra1 51. f6 Rf1 52. Ng5 h6 53.
f7+ Kg7 54. Bb4 c3 55. f8=Q+ 1-0

[Event "USCL Week 2"]
[Site "Internet Chess Club"]
[Date "2015.09.02"]
[Round "?"]
[White "Rosenthal, Nicholas"]
[Black "Durham, Daniel"]
[Result "1-0"]
[WhiteElo "2162"]
[BlackElo "2306"]
[PlyCount "117"]
[EventDate "2015.??.??"]

1. e4 c5 2. Nf3 d6 3. c3 Nf6 4. h3 Nc6 5. Bd3 e5 6. O-O Be7 7. Re1 O-O 8. Bc2
d5 9. exd5 Qxd5 10. Qe2 e4 11. Bxe4 Nxe4 12. Qxe4 Qxe4 13. Rxe4 Bf5 14. Re1 Bf6
15. d3 Bxd3 16. Bf4 Rfe8 17. Nbd2 c4 18. Rxe8+ Rxe8 19. Re1 Re2 20. Rxe2 Bxe2
21. Ne1 b5 22. a3 a5 23. Nc2 Bd3 24. Ne3 g5 25. Nd5 Kg7 26. Bd6 Bc2 27. Nc7 Ba4
28. Ne4 Be5 29. Kf1 Bc2 30. Bxe5+ Nxe5 31. Nxg5 Nd3 32. Nxb5 Nxb2 33. Ke2 Ba4
34. Nd6 Nd1 35. Nge4 Bb3 36. Nf5+ Kg6 37. g4 Nb2 38. Ke3 Nd3 39. Nd2 Ne1 40.
Nd4 a4 41. f4 h5 42. N2f3 Ng2+ 43. Ke4 hxg4 44. hxg4 Bd1 45. Ne5+ Kg7 46. g5
Bb3 47. Nf5+ Kf8 48. Ne3 Ne1 49. N5xc4 Kg7 50. Ne5 Kf8 51. c4 Ke7 52. Kd4 f6
53. Nd5+ Kf8 54. Nxf6 Nc2+ 55. Kc3 Nxa3 56. Nfd7+ Kg7 57. f5 Nb1+ 58. Kb2 Nd2
59. f6+ 1-0

[Event "USCL Week 2"]
[Site "Internet Chess Club"]
[Date "2015.09.02"]
[Round "?"]
[White "Foisor, Sabina"]
[Black "Atoufi, Pedram"]
[Result "0-1"]
[WhiteElo "2314"]
[BlackElo "2368"]
[PlyCount "126"]
[EventDate "2015.??.??"]

1. d4 Nf6 2. c4 e5 3. dxe5 Ne4 4. Nf3 Bb4+ 5. Bd2 Nxd2 6. Nbxd2 O-O 7. g3 Re8
8. Bg2 Nc6 9. O-O Nxe5 10. Nxe5 Rxe5 11. Nf3 Re8 12. Qc2 Bc5 13. Rad1 Qf6 14.
Ne1 d6 15. Nd3 Bb6 16. b4 Bg4 17. Rde1 c6 18. h3 Bd7 19. Kh2 Rad8 20. e4 a5 21.
c5 dxc5 22. bxc5 Bc7 23. f4 Be6 24. Rd1 Qd4 25. Ne5 Qb4 26. Rb1 Qd2 27. Qxd2
Rxd2 28. Nf3 Rxa2 29. Rxb7 Rc8 30. Rd1 Kf8 31. f5 Bc4 32. Rd7 Bf1 33. Nh4 Be5
34. Rxf7+ Kg8 35. Kg1 Ba6 36. Ra7 Bd4+ 37. Kh2 Be2 38. Rfd7 Bf6 39. Kg1 Rb8 40.
Rab7 Rxb7 41. Rxb7 Bd4+ 42. Kh2 a4 43. Rd7 Rd2 44. Ra7 Bd1 45. Ra6 Bb2 46. Rxc6
a3 47. Ra6 Bb3 48. Ra8+ Kf7 49. e5 Bd5 50. e6+ Ke7 51. Ra7+ Ke8 52. Kh1 Rd1+
53. Kh2 Rd2 54. Kh1 Rxg2 55. Nxg2 a2 56. Rxa2 Bxa2 57. Nf4 Be5 58. Nh5 Bd5+ 59.
Kg1 Be4 60. g4 g6 61. fxg6 hxg6 62. Kf2 gxh5 63. gxh5 Bf4 0-1